书目信息 |
| 题名: |
改革开放以来中国共产党意识形态观研究
|
|
| 作者: | 张艳斌 著 | |
| 分册: | ||
| 出版信息: | 北京 社会科学文献出版社·城市和绿色发展分社 2020 |
|
| 页数: | 244页 | |
| 开本: | 24cm | |
| 丛书名: | ||
| 单 册: | ||
| 中图分类: | D261.1 | |
| 科图分类: | ||
| 主题词: | ||
| 电子资源: | ||
| ISBN: | 978-7-5201-5716-2 | |
| 000 | 01248nam0 2200253 450 | |
| 001 | 2159258741 | |
| 005 | 20210926145336.0 | |
| 010 | @a978-7-5201-5716-2@dCNY78.00 | |
| 100 | @a20201021d2020 kemy0chiy0120 ea | |
| 101 | 0 | @achi |
| 102 | @aCN@b110000 | |
| 105 | @ay v 000yy | |
| 106 | @ar | |
| 200 | 1 | @a改革开放以来中国共产党意识形态观研究@Agai ge kai fang yi lai zhong guo gong chan dang yi shi xing tai guan yan jiu@dStudy on CPC's view of ideology since the reform and opening-up@f张艳斌著@zeng |
| 210 | @a北京@c社会科学文献出版社·城市和绿色发展分社@d2020 | |
| 215 | @a244页@d24cm | |
| 300 | @a2018年度国家社会科学基金青年项目 华北水利水电大学高层次人才科研启动项目资助 | |
| 330 | @a本书共六章,内容包括:改革开放以来中国共产党意识形态观的理论溯源、改革开放时期中国共产党意识形态观的历史发展、新时代意识形态观、改革开放以来中国共产党意识形态观历史发展的整体分析、中国共产党意识形态观建构面临的现实挑战、中国共产党意识形态观的体系建构。 | |
| 510 | 1 | @aStudy on CPC's view of ideology since the reform and opening-up@zeng |
| 601 | 02 | @a中国共产党@Azhong guo gong chan dang@x意识形态@x研究 |
| 690 | @aD261.1@v5 | |
| 701 | 0 | @a张艳斌@Azhang yan bin@f(1983~)@4著 |
| 801 | 0 | @aCN@b百万庄@c20210926 |
| 905 | @b1299436-39@dD261.1@e347@f4 | |
| 改革开放以来中国共产党意识形态观研究=Study on CPC's view of ideology since the reform and opening-up/张艳斌著.-北京:社会科学文献出版社·城市和绿色发展分社,2020 |
| 244页;24cm |
| 2018年度国家社会科学基金青年项目 华北水利水电大学高层次人才科研启动项目资助 |
| ISBN 978-7-5201-5716-2:CNY78.00 |
| 本书共六章,内容包括:改革开放以来中国共产党意识形态观的理论溯源、改革开放时期中国共产党意识形态观的历史发展、新时代意识形态观、改革开放以来中国共产党意识形态观历史发展的整体分析、中国共产党意识形态观建构面临的现实挑战、中国共产党意识形态观的体系建构。 |
| ● |
| 相关链接 |
|
|
|
|
正题名:改革开放以来中国共产党意识形态观研究
索取号:D261.1/347
 
预约/预借
| 序号 | 登录号 | 条形码 | 馆藏地/架位号 | 状态 | 备注 |
| 1 | 1299436 | 212994367 | 第一样本阅览室/ [索取号:D261.1/347] | 在馆 | |
| 2 | 1299437 | 212994376 | 第一借阅区/ [索取号:D261.1/347] | 在馆 | |
| 3 | 1299438 | 212994385 | 第一借阅区/ [索取号:D261.1/347] | 在馆 | |
| 4 | 1299439 | 212994394 | 第一借阅区/ [索取号:D261.1/347] | 在馆 |